|
|
|
|
| LEADER |
00613nam a22001691a 4500 |
| 020 |
|
|
|c 0.00
|
| 040 |
|
|
|a SSUS - Library - Kalady
|
| 082 |
|
|
|a 780
|b SAT/M
|
| 100 |
|
|
|a Sathyanarayana R
|
| 245 |
|
|
|a Music criticism:principles and practice [with special reference to karnataka music]
|h [Text]
|
| 260 |
|
|
|a Bangalore
|b Vidwan R k Srikantan trust
|c 2006
|
| 300 |
|
|
|a 277p
|
| 600 |
|
|
|a Music
|
| 852 |
|
|
|h 780
|i SAT/M
|p 055763
|9 200.00
|t 0
|
| 942 |
|
|
|c BK
|
| 999 |
|
|
|c 29810
|d 29810
|
| 952 |
|
|
|0 0
|1 0
|4 0
|6 780_000000000000000_SAT_M
|7 0
|9 42882
|a SSUS
|b SSUS
|d 2015-01-08
|g 200.00
|l 5
|o 780 SAT/M
|p 055763
|r 2016-11-04
|s 2016-11-02
|v 0.00
|w 2015-01-08
|y BK
|